Regulácia konkurencie a vybrané aspekty duševného vlastníctva
Regulácia konkurencie v nadväznosti na vybrané aspekty postavenia duševného vlastníctva v tomto procese. Zákon o ochrane hospodárskej súťaže činnosti a konania podnikateľov. Duševné vlastníctvo ako nástroj tvorby dominantného postavenia na trhu.
Gespeichert in:
| 1. Verfasser: | |
|---|---|
| Weitere Verfasser: | |
| Format: | Buchkapitel |
| Sprache: | Slowakisch |
| Schlagworte: | |
| Tags: |
Keine Tags, Fügen Sie das erste Tag hinzu!
|
MARC
| LEADER | 00000nla$a2200000$$$4500 | ||
|---|---|---|---|
| 001 | 0124582 | ||
| 005 | 20240502072418.1 | ||
| 041 | 0 | |a slo | |
| 044 | |a SK | ||
| 245 | 1 | 0 | |a Regulácia konkurencie a vybrané aspekty duševného vlastníctva |c Martin Matušovič, Iveta Kufelová |
| 520 | |a Regulácia konkurencie v nadväznosti na vybrané aspekty postavenia duševného vlastníctva v tomto procese. Zákon o ochrane hospodárskej súťaže činnosti a konania podnikateľov. Duševné vlastníctvo ako nástroj tvorby dominantného postavenia na trhu. | ||
| 610 | 2 | 0 | |a vlastníctvo duševné |
| 610 | 2 | 0 | |a ochrana práv priemyselných |
| 610 | 2 | 0 | |a vzory priemyselné |
| 610 | 2 | 0 | |a značky výrobné |
| 610 | 2 | 0 | |a známky ochranné |
| 610 | 2 | 0 | |a trh |
| 610 | 2 | 0 | |a globalizácia |
| 610 | 2 | 0 | |a súťaž hospodárska |
| 610 | 2 | 0 | |a konkurencia |
| 100 | 1 | |a Matušovič, Martin | |
| 700 | 1 | |a Kufelová, Iveta, 1970- | |